The paradox of history : (Record no. 126789)
[ view plain ]
| 000 -LEADER | |
|---|---|
| fixed length control field | 00953cam a2200253 a 4500 |
| 001 - CONTROL NUMBER | |
| control field | 4734035 |
| 003 - CONTROL NUMBER IDENTIFIER | |
| control field | ARRUPE |
| 005 - DATE AND TIME OF LATEST TRANSACTION | |
| control field | 20170825095053.0 |
| 008 - FIXED-LENGTH DATA ELEMENTS--GENERAL INFORMATION | |
| fixed length control field | 841227t19851970pau 000 0 eng |
| 010 ## - LIBRARY OF CONGRESS CONTROL NUMBER | |
| LC control number | 84028102 |
| 020 ## - INTERNATIONAL STANDARD BOOK NUMBER | |
| International Standard Book Number | 081221210X (pbk.) |
| 040 ## - CATALOGING SOURCE | |
| Original cataloging agency | DLC |
| Transcribing agency | DLC |
| Modifying agency | DLC |
| 050 00 - LIBRARY OF CONGRESS CALL NUMBER | |
| Classification number | PN3503 |
| Item number | .C48 1985 |
| 082 00 - DEWEY DECIMAL CLASSIFICATION NUMBER | |
| Classification number | 809.3/9358 |
| Edition number | 19 |
| 300 ## - PHYSICAL DESCRIPTION | |
| Dimensions | 22 cm. |
| 100 1# - MAIN ENTRY--PERSONAL NAME | |
| Personal name | Chiaromonte, Nicola. |
| 9 (RLIN) | 35270 |
| 245 14 - TITLE STATEMENT | |
| Title | The paradox of history : |
| Remainder of title | Stendhal, Tolstoy, Pasternak, and others / |
| Statement of responsibility, etc | Nicola Chiaromonte ; foreword by Joseph Frank ; postface by Mary McCarthy. |
| 260 ## - PUBLICATION, DISTRIBUTION, ETC. (IMPRINT) | |
| Place of publication, distribution, etc | Philadelphia : |
| Name of publisher, distributor, etc | University of Pennsylvania Press, |
| Date of publication, distribution, etc | 1985, |
| 300 ## - PHYSICAL DESCRIPTION | |
| Extent | xxi, 156 p. ; |
| 650 #0 - SUBJECT ADDED ENTRY--TOPICAL TERM | |
| Topical term or geographic name as entry element | Fiction |
| Chronological subdivision | 20th century |
| General subdivision | History and criticism. |
| -- | Addresses, essays, lectures. |
| 9 (RLIN) | 35271 |
| 650 #0 - SUBJECT ADDED ENTRY--TOPICAL TERM | |
| Topical term or geographic name as entry element | Fiction |
| Chronological subdivision | 19th century |
| General subdivision | History and criticism. |
| -- | Addresses, essays, lectures. |
| 9 (RLIN) | 35272 |
| 650 #0 - SUBJECT ADDED ENTRY--TOPICAL TERM | |
| Topical term or geographic name as entry element | History in literature. |
| General subdivision | Addresses, essays, lectures. |
| 9 (RLIN) | 35273 |
| 906 ## - LOCAL DATA ELEMENT F, LDF (RLIN) | |
| a | 7 |
| b | cbc |
| c | orignew |
| d | 1 |
| e | ocip |
| f | 19 |
| g | y-gencatlg |
| 942 ## - ADDED ENTRY ELEMENTS (KOHA) | |
| Source of classification or shelving scheme | Library of Congress Classification |
| Koha item type | Monograph ( Printed materials) |
| Withdrawn status | Lost status | Source of classification or shelving scheme | Damaged status | Not for loan | Collection code | Home library | Current library | Shelving location | Date acquired | Total Checkouts | Full call number | Barcode | Date last seen | Price effective from | Koha item type |
|---|---|---|---|---|---|---|---|---|---|---|---|---|---|---|---|
| Library of Congress Classification | Main Collection | ARRUPE LIBRARY | ARRUPE LIBRARY | Main Collection | 25/08/2017 | PN3503 .C48 1985 | 46500023478 | 27/03/2019 | 25/08/2017 | Monograph ( Printed materials) |